00972 2200349 4500001002100000005001500021035002000036007000300056040001700059100002700076245004200103250001700145300003600162504002900198020002200227041000800249082000800257084001400265090002000279264003600299336002100335337003000356338002300386650001700409850001000426008004100436500005300477990002300530990002300553990002300576990002300599INLIS00000000000815220260529080436 a0010-0922000641ta aSBPUPADbind0 aGiri WiartoePengarang1 aFisiologi Dan Olahraga /cGiri Wiarto aCet.1,.-Ed.1 ax,212 cm :bilus. ;c21 X 26 cm aBibliografi, hlm 199-202 a978-979-756-917-407aind a700 a700 GIR f a712 TIM r L22-6 aYogyakarta :bGraha Ilmu,c2013 2rdacontentateks 2rdamediaatanpa perantara 2rdacarrieravolume 4aKeolahragaan aPUPAD260529 0  aGlosarium,hlm 203-206 ;Tentang Penulis,hlm Cover a27.1022/H/DPK/2018 a27.1020/H/DPK/2018 a27.1022/P/DPK/2018 a27.1021/P/DPK/2018